Dawson's Creek Trivia Season 2 Quiz Stats

 Plays Quiz not verified by Sporcle

Challenge
Share
Tweet
Embed
Score 0/31 Timer 06:00
0 Plays Today
Hint Answer % Correct
What is her brother's name that Joey gives a job to at the Ice House????
96.4%
Who hits Pacey's dad's police cruiser in the first episode????
93.3%
Whose birthday does Dawson forget in the second episode????
86.7%
Who in Andie's family do we learn suffers from a mental illness????
83.1%
Who does Joey sketch naked for art class????
81.3%
Who in the gang runs for class president????
80.4%
Who writes a poem for English which reveals that he is gay????
80%
Who kisses Joey during the full moon????
79.6%
Who begins to take medication for anxiety????
79.6%
Who does Jen befriend in the second season????
78.2%
Who comes to his defense and gets suspended as a result????
78.2%
Who is Dawson paired up with for the class lifestyle project????
77.8%
Who is pacey paired with????
74.2%
Who is her running mate????
70.2%
Who gets drunk on the pier and falls into the water and drowns????
68.4%
Who catches Joey's dad selling drugs again????
68.4%
Hint Answer % Correct
Who comes back to Capeside and shocks Joey????
68%
What couple get back together near the end on the season????
66.7%
Who comes back to town and shocks Pacey????
66.2%
Who does the gang throw a surprise party for????
66.2%
What does Mitch suggest ro help fix his marriage????
64%
Who helps police catch Mr. Potter trafficking????
60.9%
Who do Dawson and Andie try to set up on a blind date for the dance????
53.3%
What is the name of Joey's little brother????
45.3%
Who gets drunk at the bar before the party????
40.9%
Who is Pacey is hoping will go on a date with him????
37.8%
Who's note did Abby find on the classroom floor discussing a pair having sex for the first time????
32%
Who's house did the gang go to to pull an all night study session????
22.7%
What does Dawson recieve an award for in the mail????
14.7%
Why does she agree to go with him????
8.4%
What tragedy caused that illness????
7.6%

You're not logged in!

Compare scores with friends on all Sporcle quizzes.
Join for Free
OR
Log In

You Might Also Like...

Show Comments

Extras

Created Apr 2, 2016ReportNominate

Top Quizzes Today


Score Distribution

Your Account Isn't Verified!

In order to create a playlist on Sporcle, you need to verify the email address you used during registration. Go to your Sporcle Settings to finish the process.

Report this User

Report this user for behavior that violates our Community Guidelines.

Details: